Statistiche per Primi 15 paesi interessati da Covid-19 - 9 marzo 2022

Clicka qui per fare il quiz!

Statistiche generali

  • Questo quiz è stato fatto 7 volte
  • Il punteggio medio è 17 su 29

Statistiche sulle risposte

paese% Corretto
Brasile
100%
Francia
100%
Germania
100%
Italia
100%
Russia
100%
Stati Uniti
100%
Argentina
86%
Portogallo
86%
Regno Unito
86%
Spagna
86%
Austria
57%
Estonia
57%
India
57%
Paesi Bassi
57%
Paesi Bassi
57%
Svizzera
57%
Belgio
43%
Cechia
43%
Danimarca
43%
Iran
43%
Lettonia
43%
Lituania
43%
Slovenia
43%
Turchia
43%
Colombia
29%
Georgia
29%
Israele
29%
Indonesia
14%
Bahrain
0%

Distribuzione punteggi

Percentile per numero di risposta

Percentuale di utenti per punteggio

I tuoi punteggi nel tempo

Non hai fatto questo quiz